[Event "2. Bundesliga West 2015/16"]
[Site "Bludenz"]
[Date "2015.11.29"]
[Round "5"]
[Board "3"]
[White "Burschowsky, Matthias"]
[Black "Roeberg, Frank"]
[Result "1/2-1/2"]
[WhiteElo "2208"]
[BlackElo "2249"]
[PlyCount "70"]
[EventDate "2015.10.16"]
[EventType "team"]
[EventRounds "11"]
[EventCountry "AUT"]
[WhiteTeam "Hohenems II"]
[BlackTeam "Schwarzach"]

1. Nf3 c5 2. c4 g6 3. Nc3 Bg7 4. d4 cxd4 5. Nxd4 Nf6 6. e4 d6 7. Be2 Nc6 8. Nc2
O-O 9. O-O Nd7 10. Be3 Bxc3 11. bxc3 Nc5 12. f3 Qa5 13. Qd2 Be6 14. Rfb1 Ne5
15. Bh6 Rfc8 16. Qd4 f6 17. Bd2 Qd8 18. Nb4 b6 19. a4 Nb7 20. Nd5 Na5 21. f4
Nexc4 22. Bc1 Rc5 23. g4 Bf7 24. h4 e5 25. Qf2 Bxd5 26. exd5 Qe7 27. fxe5 Nxe5
28. Bh6 Rxc3 29. Rf1 Rc2 30. Rae1 Re8 31. Qg3 Nac4 32. Bd1 Ra2 33. Bb3 Ra3 34.
Bc1 Rxb3 35. Qxb3 Qd7 1/2-1/2

[Event "2. Bundesliga West 2015/16"]
[Site "Bludenz"]
[Date "2015.11.29"]
[Round "5"]
[Board "4"]
[White "Ruecker, Benjamin"]
[Black "Gaertner, Guntram"]
[Result "1/2-1/2"]
[WhiteElo "2269"]
[BlackElo "2226"]
[PlyCount "153"]
[EventDate "2015.10.16"]
[EventType "team"]
[EventRounds "11"]
[EventCountry "AUT"]
[WhiteTeam "Schwarzach"]
[BlackTeam "Hohenems II"]

1. d4 d5 2. c4 c6 3. Nc3 Nf6 4. e3 a6 5. Qc2 g6 6. Bd3 Bg7 7. Nf3 O-O 8. O-O b5
9. b3 Nbd7 10. Bb2 Bb7 11. e4 b4 12. Na4 dxe4 13. Bxe4 Nxe4 14. Qxe4 e6 15. Ne5
f5 16. Qe1 Bxe5 17. dxe5 c5 18. Rd1 Qc7 19. Rd6 Rfe8 20. Qe3 Rac8 21. Rfd1 Bc6
22. Nxc5 Nxc5 23. Qxc5 Qb7 24. Qe3 a5 25. Qg5 Qe7 26. Bc1 Qxg5 27. Bxg5 a4 28.
bxa4 Bxa4 29. Rc1 Rc6 30. c5 Rec8 31. Be3 b3 32. Rxc6 Rxc6 33. axb3 Bxb3 34.
Rb1 Bd5 35. Rb8+ Kg7 36. Rb7+ Kg8 37. h4 f4 38. Bxf4 Rxc5 39. Rd7 h5 40. f3 Bb3
41. Re7 Rc6 42. Rd7 Bc2 43. Rd4 Ra6 44. Kf2 Ra4 45. Rd8+ Kf7 46. Bg5 Bf5 47.
Rd7+ Kf8 48. Rd2 Rc4 49. Kg3 Ra4 50. Rd8+ Kf7 51. Be3 Ra2 52. Rd7+ Ke8 53. Rd4
Re2 54. Bf4 Kf7 55. Kh2 Ra2 56. Bd2 Bc2 57. Kg3 Bb3 58. Kf4 Bd5 59. Rd3 Bc4 60.
Rd7+ Ke8 61. Rd4 Bd5 62. Kg5 Kf7 63. Kh6 Rc2 64. Rf4+ Ke8 65. Rd4 Kf7 66. g3
Rc4 67. Rd3 Rc2 68. Bf4 Rc8 69. Kh7 Ra8 70. Rc3 Ra7 71. Bh6 Rb7 72. Rc8 Ke7 73.
Rf8 Rb3 74. Rf6 Bxf3 75. Bf8+ Kd7 76. Kxg6 Bg4 77. Rf7+ 1/2-1/2

[Event "2. Bundesliga West 2015/16"]
[Site "Bludenz"]
[Date "2015.11.29"]
[Round "5"]
[Board "5"]
[White "Atlas, Dmitry"]
[Black "Ljubic, Juro"]
[Result "1/2-1/2"]
[WhiteElo "2220"]
[BlackElo "2213"]
[PlyCount "50"]
[EventDate "2015.10.16"]
[EventType "team"]
[EventRounds "11"]
[EventCountry "AUT"]
[WhiteTeam "Hohenems II"]
[BlackTeam "Schwarzach"]

1. e4 d5 2. exd5 Nf6 3. d4 Nxd5 4. Nf3 g6 5. Be2 Bg7 6. O-O O-O 7. Re1 Nc6 8.
c3 Re8 9. Na3 h6 10. Nc4 Bg4 11. h3 Bxf3 12. Bxf3 e6 13. Qb3 Rb8 14. Bd2 b5 15.
Ne5 Nxe5 16. dxe5 c5 17. Qc2 Qc7 18. Qe4 Red8 19. Rad1 c4 20. a3 a6 21. h4 Rd7
22. Be3 Nxe3 23. Rxd7 Qxd7 24. Qxe3 Qc7 25. Bd1 Rd8 1/2-1/2

[Event "2. Bundesliga West 2015/16"]
[Site "Bludenz"]
[Date "2015.11.29"]
[Round "5"]
[Board "6"]
[White "Stoeckl, Norbert"]
[Black "Sandholzer, Robert"]
[Result "0-1"]
[WhiteElo "2094"]
[BlackElo "2175"]
[PlyCount "64"]
[EventDate "2015.10.16"]
[EventType "team"]
[EventRounds "11"]
[EventCountry "AUT"]
[WhiteTeam "Schwarzach"]
[BlackTeam "Hohenems II"]

1. e4 c6 2. c4 d5 3. cxd5 cxd5 4. exd5 Nf6 5. Qa4+ Nbd7 6. Nc3 g6 7. Bc4 Bg7 8.
d3 O-O 9. Nge2 Nb6 10. Qb3 Bf5 11. Be3 Ng4 12. Bxb6 Qxb6 13. Qxb6 axb6 14. O-O
Ne5 15. Rad1 Rfd8 16. Rfe1 Kf8 17. h3 h5 18. b3 g5 19. a4 Rac8 20. Nb5 g4 21.
Ng3 Bg6 22. hxg4 hxg4 23. Ne4 Rd7 24. Re3 Bh6 25. Re2 Bg7 26. Kh2 Rcd8 27. Kg3
Bf5 28. Kf4 e6 29. d6 Ng6+ 30. Kg5 Be5 31. g3 Kg7 32. Bxe6 Bxe6 0-1

[Event "2. Bundesliga West 2015/16"]
[Site "Bludenz"]
[Date "2015.11.29"]
[Round "5"]
[Board "1"]
[White "Graf, Felix"]
[Black "Durakovic, Alman"]
[Result "1/2-1/2"]
[WhiteElo "2478"]
[BlackElo "2314"]
[PlyCount "81"]
[EventDate "2015.10.16"]
[EventType "team"]
[EventRounds "11"]
[EventCountry "AUT"]
[WhiteTeam "Bregenz"]
[BlackTeam "SIR Bernhard 2"]

1. Nf3 Nf6 2. b3 c5 3. Bb2 d5 4. e3 e6 5. c4 Nc6 6. Nc3 Be7 7. d4 O-O 8. dxc5
Bxc5 9. a3 dxc4 10. b4 Bd6 11. Bxc4 a6 12. Bd3 Qe7 13. Qc2 Bd7 14. O-O Rac8 15.
Rfc1 Ne5 16. Nxe5 Bxe5 17. Qe2 Bc6 18. b5 axb5 19. Nxb5 Bxb2 20. Qxb2 Ra8 21.
Nd4 Bd5 22. f3 e5 23. Nf5 Qd8 24. Rd1 Qc7 25. Rac1 Bc6 26. Qb4 e4 27. Bxe4 Nxe4
28. Ne7+ Kh8 29. Nxc6 bxc6 30. Qxe4 Rfe8 31. Qd3 Rad8 32. Qc3 h6 33. Rxd8 Qxd8
34. e4 Re6 35. a4 Rd6 36. a5 Rd3 37. Qxc6 Qd4+ 38. Kf1 Rd1+ 39. Rxd1 Qxd1+ 40.
Kf2 Qd2+ 41. Kg3 1/2-1/2

[Event "2. Bundesliga West 2015/16"]
[Site "Bludenz"]
[Date "2015.11.29"]
[Round "5"]
[Board "3"]
[White "Weindl, Alfred"]
[Black "Velickovic, Zoran"]
[Result "1/2-1/2"]
[WhiteElo "2331"]
[BlackElo "2398"]
[PlyCount "77"]
[EventDate "2015.10.16"]
[EventType "team"]
[EventRounds "11"]
[EventCountry "AUT"]
[WhiteTeam "Bregenz"]
[BlackTeam "SIR Bernhard 2"]

1. d4 Nf6 2. Bg5 d5 3. Bxf6 exf6 4. e3 c6 5. Bd3 Be6 6. Ne2 Bd6 7. c3 f5 8. Nf4
Nd7 9. Nd2 Nf6 10. g3 Qe7 11. Qe2 Ne4 12. O-O-O b5 13. f3 Nxd2 14. Rxd2 b4 15.
c4 b3 16. a3 O-O 17. c5 Bc7 18. Qg2 Rfe8 19. Re2 Qf6 20. Qh3 g6 21. Qh6 Bd7 22.
Rd1 Qg7 23. Qxg7+ Kxg7 24. Ba6 Re7 25. Rd3 Rb8 26. Kd1 g5 27. Ng2 h5 28. f4 f6
29. Ke1 Kg6 30. h4 g4 31. Rf2 Ree8 32. Ke2 Bc8 33. Bxc8 Rexc8 34. Rf1 Ba5 35.
Rc1 Rb7 36. Ne1 Rcb8 37. Rdd1 Bxe1 38. Kxe1 a5 39. Rd3 1/2-1/2

[Event "2. Bundesliga West 2015/16"]
[Site "Bludenz"]
[Date "2015.11.29"]
[Round "5"]
[Board "4"]
[White "Wieneroiter, Gerald"]
[Black "Dobosz, Henryk"]
[Result "0-1"]
[WhiteElo "2140"]
[BlackElo "2389"]
[PlyCount "64"]
[EventDate "2015.10.16"]
[EventType "team"]
[EventRounds "11"]
[EventCountry "AUT"]
[WhiteTeam "SIR Bernhard 2"]
[BlackTeam "Bregenz"]

1. Nf3 Nf6 2. d4 c5 3. c3 e6 4. e3 d5 5. Bd3 Nbd7 6. Nbd2 Qc7 7. O-O g6 8. e4
cxd4 9. exd5 Nxd5 10. Nxd4 a6 11. Ne4 Bg7 12. h4 O-O 13. h5 N7f6 14. hxg6 hxg6
15. Bg5 e5 16. Nc2 Be6 17. Nxf6+ Nxf6 18. Qf3 Nh7 19. Bh4 f5 20. Qg3 Qf7 21. f3
Rae8 22. a4 e4 23. fxe4 f4 24. Qe1 g5 25. Bf2 Qh5 26. Bd4 g4 27. Be2 Ng5 28.
Bxg7 Kxg7 29. Nd4 Rh8 30. Rxf4 Qh2+ 31. Kf2 Qxf4+ 32. Kg1 Qe3+ 0-1

[Event "2. Bundesliga West 2015/16"]
[Site "Bludenz"]
[Date "2015.11.29"]
[Round "5"]
[Board "5"]
[White "Bezler, Rainer"]
[Black "Prodinger, Johannes"]
[Result "1-0"]
[WhiteElo "2215"]
[BlackElo "1911"]
[PlyCount "109"]
[EventDate "2015.10.16"]
[EventType "team"]
[EventRounds "11"]
[EventCountry "AUT"]
[WhiteTeam "Bregenz"]
[BlackTeam "SIR Bernhard 2"]

1. e4 c5 2. Nf3 Nc6 3. d4 cxd4 4. Nxd4 e5 5. Nb5 a6 6. Nd6+ Bxd6 7. Qxd6 Qf6 8.
Qd2 Qg6 9. Nc3 d5 10. Qg5 dxe4 11. Qxg6 hxg6 12. Nxe4 Nf6 13. Nxf6+ gxf6 14. c3
Bf5 15. Be3 O-O-O 16. h3 Bd3 17. Bb6 Rd7 18. Bxd3 Rxd3 19. Ke2 e4 20. Rad1 Ne5
21. Bd4 Rxd1 22. Rxd1 Nd7 23. Ke3 Re8 24. Kf4 Re6 25. Re1 f5 26. g4 fxg4 27.
hxg4 Nf6 28. c4 b5 29. b3 bxc4 30. bxc4 Rc6 31. Re2 Nd7 32. Rc2 Re6 33. g5 Kc7
34. Rb2 Rc6 35. Rc2 Re6 36. Rc3 Kc8 37. Re3 Rc6 38. Kxe4 Rxc4 39. Kd5 Rc7 40.
Kd6 Nb8 41. Rc3 Rxc3 42. Bxc3 Kd8 43. Bf6+ Ke8 44. a4 Nd7 45. Kc6 Nf8 46. Kb6
Kd7 47. Kxa6 Kc6 48. Ka5 Nd7 49. Kb4 Nb6 50. Bd4 Nd5+ 51. Kc4 Nf4 52. Bc5 Ne6
53. Be3 Nc7 54. Kd4 Nd5 55. Ke5 1-0

[Event "2. Bundesliga West 2015/16"]
[Site "Bludenz"]
[Date "2015.11.29"]
[Round "5"]
[Board "6"]
[White "Jakob, Tobias"]
[Black "Poettinger, Harald"]
[Result "0-1"]
[WhiteElo "1883"]
[BlackElo "2212"]
[PlyCount "48"]
[EventDate "2015.10.16"]
[EventType "team"]
[EventRounds "11"]
[EventCountry "AUT"]
[WhiteTeam "SIR Bernhard 2"]
[BlackTeam "Bregenz"]

1. e4 d6 2. d4 Nf6 3. Nc3 e5 4. dxe5 dxe5 5. Qxd8+ Kxd8 6. Bc4 Ke8 7. Nf3 Bd6
8. Bg5 Nbd7 9. O-O-O a6 10. a4 h6 11. Bh4 Kf8 12. Rhe1 g6 13. Nd5 Nxd5 14. exd5
Kg7 15. Bg3 Re8 16. Rd2 b5 17. Bb3 f6 18. Nd4 Nc5 19. axb5 axb5 20. Rde2 Bd7
21. Nc6 Bxc6 22. dxc6 Ra1+ 23. Kd2 Nxb3+ 24. cxb3 Bb4+ 0-1

[Event "2. Bundesliga West 2015/16"]
[Site "Bludenz"]
[Date "2015.11.29"]
[Round "5"]
[Board "1"]
[White "Bertagnolli, Alexander"]
[Black "Sucher, Johannes"]
[Result "1-0"]
[WhiteElo "2343"]
[BlackElo "2169"]
[PlyCount "101"]
[EventDate "2015.10.16"]
[EventType "team"]
[EventRounds "11"]
[EventCountry "AUT"]
[WhiteTeam "Kufstein/Woergl"]
[BlackTeam "Pradl"]

1. Nf3 Nf6 2. g3 g6 3. Bg2 Bg7 4. c4 c5 5. d4 cxd4 6. Nxd4 Nc6 7. Nc3 O-O 8.
O-O Ng4 9. e3 Nge5 10. b3 d6 11. Bb2 Bg4 12. f3 Bd7 13. f4 Ng4 14. Qd2 Nxe3 15.
Nxc6 Nxf1 16. Nxd8 Nxd2 17. Nxb7 Bf5 18. Re1 Nb1 19. Na4 Bxb2 20. Nxb2 Nc3 21.
Na5 Rae8 22. Nc6 e5 23. fxe5 dxe5 24. a4 Bc2 25. b4 e4 26. b5 f5 27. a5 Rf7 28.
Re3 Na4 29. Nxa4 Bxa4 30. a6 Rd7 31. Bf1 g5 32. Ra3 Bc2 33. Nb4 Bd1 34. c5 e3
35. b6 e2 36. Bxe2 Bxe2 37. b7 Rd1+ 38. Kf2 Rf1+ 39. Kg2 Rc1 40. Re3 Bf1+ 41.
Kf2 Rd8 42. Re1 Rxc5 43. Kxf1 Rc4 44. Nd5 Rc5 45. Re5 Rc1+ 46. Ke2 Ra1 47. Ne7+
Kf7 48. Nc6 Ra2+ 49. Kf1 Rd1+ 50. Re1 Rdd2 51. Re7+ 1-0

[Event "2. Bundesliga West 2015/16"]
[Site "Bludenz"]
[Date "2015.11.29"]
[Round "5"]
[Board "2"]
[White "Matt, Stefan"]
[Black "Levushkina, Elena"]
[Result "1/2-1/2"]
[WhiteElo "2094"]
[BlackElo "2299"]
[PlyCount "81"]
[EventDate "2015.10.16"]
[EventType "team"]
[EventRounds "11"]
[EventCountry "AUT"]
[WhiteTeam "Pradl"]
[BlackTeam "Kufstein/Woergl"]

1. b3 e5 2. Bb2 Nc6 3. e3 d6 4. Nf3 Nf6 5. Bb5 Bg4 6. h3 Bh5 7. g4 Bg6 8. d4 e4
9. d5 exf3 10. dxc6 b6 11. Bd3 d5 12. Qxf3 Ne4 13. a3 Qd6 14. Nc3 Nxc3 15. Bxc3
Qxc6 16. Bd4 Rd8 17. O-O h5 18. g5 Bxd3 19. cxd3 Qg6 20. Rfd1 Be7 21. h4 f6 22.
Qh3 fxg5 23. hxg5 Qxg5+ 24. Kh1 Qg4 25. Qxg4 hxg4+ 26. Kg2 Kf7 27. Rh1 Bd6 28.
b4 a6 29. Rab1 Rh6 30. a4 Rxh1 31. Kxh1 Rh8+ 32. Kg1 Rh7 33. a5 bxa5 34. bxa5
Rh6 35. Rb7 Rg6 36. Ra7 Ke8 37. Kg2 c5 38. Bxg7 Be7 39. Be5 Re6 40. Kg3 Bd8 41.
Bc3 1/2-1/2

[Event "2. Bundesliga West 2015/16"]
[Site "Bludenz"]
[Date "2015.11.29"]
[Round "5"]
[Board "3"]
[White "Koepke, Christian"]
[Black "Praxmarer, Christian"]
[Result "1-0"]
[WhiteElo "2322"]
[BlackElo "1992"]
[PlyCount "101"]
[EventDate "2015.10.16"]
[EventType "team"]
[EventRounds "11"]
[EventCountry "AUT"]
[WhiteTeam "Kufstein/Woergl"]
[BlackTeam "Pradl"]

1. c4 e6 2. Nc3 b6 3. e4 Bb4 4. Nf3 Bb7 5. Bd3 Na6 6. Qe2 Nf6 7. Bc2 Nc5 8. e5
Ng4 9. d4 Na6 10. O-O f5 11. Bd2 O-O 12. a3 Be7 13. d5 Nh6 14. Rad1 Nf7 15. b4
Qe8 16. Ba4 Qc8 17. Bc1 Nb8 18. Bb3 Kh8 19. Nb5 g5 20. Nfd4 a6 21. d6 cxd6 22.
Nxd6 Nxd6 23. exd6 Bf6 24. Bb2 Nc6 25. Nf3 Qe8 26. Nxg5 Qg6 27. f4 h6 28. Nf3
Kh7 29. Rf2 Nd8 30. Bxf6 Rxf6 31. Ne5 Qg7 32. Rd3 Kh8 33. Rg3 Qh7 34. Qh5 Nc6
35. Ng6+ Kg7 36. Ne7+ Kh8 37. Ng6+ Kg7 38. Ne5+ Kh8 39. Nf3 Qf7 40. Qh4 Rg6 41.
b5 axb5 42. cxb5 Rxg3 43. Qxh6+ Qh7 44. Qxh7+ Kxh7 45. bxc6 Rgg8 46. cxb7 Rxa3
47. Ra2 Rxa2 48. Bxa2 Rb8 49. Bxe6 dxe6 50. d7 b5 51. Ng5+ 1-0

[Event "2. Bundesliga West 2015/16"]
[Site "Bludenz"]
[Date "2015.11.29"]
[Round "5"]
[Board "4"]
[White "Niedermair, Hannes"]
[Black "Rusche, Johannes"]
[Result "0-1"]
[WhiteElo "1990"]
[BlackElo "2274"]
[PlyCount "53"]
[EventDate "2015.10.16"]
[EventType "team"]
[EventRounds "11"]
[EventCountry "AUT"]
[WhiteTeam "Pradl"]
[BlackTeam "Kufstein/Woergl"]

1. f4 Nf6 2. Nf3 d5 3. g3 Bf5 4. Bg2 e6 5. O-O Be7 6. d3 h6 7. h3 Bh7 8. Nc3
O-O 9. e3 c5 10. Qe1 Nc6 11. Bd2 b5 12. g4 c4 13. g5 hxg5 14. Nxg5 Bg6 15. e4
Nb4 16. Qg3 dxe4 17. Nxe6 Qb6+ 18. Kh1 Qxe6 19. dxe4 Nxe4 20. Nxe4 Bxe4 21.
Rae1 f5 22. Bc3 g6 23. Rf2 Nd5 24. Bd4 Rf7 25. Kh2 Bd6 26. Be5 Bxe5 27. fxe5
 0-1

[Event "2. Bundesliga West 2015/16"]
[Site "Bludenz"]
[Date "2015.11.29"]
[Round "5"]
[Board "5"]
[White "Neuschmied, Siegfried"]
[Black "Nussbaumer, Leon"]
[Result "1-0"]
[WhiteElo "2246"]
[BlackElo "1890"]
[PlyCount "63"]
[EventDate "2015.10.16"]
[EventType "team"]
[EventRounds "11"]
[EventCountry "AUT"]
[WhiteTeam "Kufstein/Woergl"]
[BlackTeam "Pradl"]

1. e4 c5 2. Nf3 e6 3. d3 d5 4. Nbd2 Nc6 5. g3 Nf6 6. Bg2 Be7 7. O-O O-O 8. Re1
d4 9. e5 Nd5 10. Nf1 b6 11. h4 Bb7 12. N1h2 Qd7 13. Bh3 Rae8 14. Ng4 Kh8 15.
Ng5 b5 16. Qe2 Bxg5 17. hxg5 Nce7 18. Bg2 Nf5 19. Be4 Nde7 20. Kg2 c4 21. Rh1
Ng8 22. Bd2 f6 23. exf6 gxf6 24. g6 Re7 25. gxh7 Rxh7 26. Rxh7+ Kxh7 27. Rh1+
Kg7 28. Ne5 Bxe4+ 29. dxe4 fxe5 30. Qg4+ Kf7 31. Rh7+ Ke8 32. Rxd7 1-0

[Event "2. Bundesliga West 2015/16"]
[Site "Bludenz"]
[Date "2015.11.29"]
[Round "5"]
[Board "6"]
[White "Kimpel, Janine"]
[Black "Kranewitter, Norbert"]
[Result "0-1"]
[WhiteElo "1765"]
[BlackElo "2049"]
[PlyCount "96"]
[EventDate "2015.10.16"]
[EventType "team"]
[EventRounds "11"]
[EventCountry "AUT"]
[WhiteTeam "Pradl"]
[BlackTeam "Kufstein/Woergl"]

1. e4 c5 2. Nc3 Nc6 3. g3 g6 4. Bg2 Bg7 5. d3 d6 6. f4 e6 7. Nf3 Nge7 8. Be3
Nd4 9. O-O O-O 10. Qd2 Rb8 11. Nh4 b6 12. Rab1 Qc7 13. Nd1 f5 14. c3 Ndc6 15.
Nf2 Bb7 16. Rbd1 Rbc8 17. Nf3 h6 18. Nh4 Kh7 19. Kh1 Ng8 20. Qe2 Nce7 21. Rg1
Rf7 22. g4 Rcf8 23. Bf3 d5 24. e5 fxg4 25. Nxg4 g5 26. fxg5 Rxf3 27. Nxf3 Rxf3
28. d4 Rf8 29. Nf6+ Kh8 30. Qh5 Nf5 31. Bc1 Qf7 32. g6 Qe7 33. Nxg8 Kxg8 34.
Rg4 cxd4 35. cxd4 Rc8 36. Bf4 Rc2 37. Bc1 Qc7 38. Rgg1 Bxe5 39. Bd2 Bg7 40. Qe2
Nxd4 41. Qe3 Qd6 42. Rge1 Rxb2 43. a4 Nb3 44. Qf2 Qf8 45. Qe2 Nd4 46. Qg4 Qf3+
47. Qxf3 Nxf3 48. Rxe6 Rxd2 0-1

[Event "2. Bundesliga West 2015/16"]
[Site "Bludenz"]
[Date "2015.11.29"]
[Round "5"]
[Board "1"]
[White "Besner, Bernhard"]
[Black "Spornberger, Maximilian"]
[Result "0-1"]
[WhiteElo "2211"]
[BlackElo "2347"]
[PlyCount "146"]
[EventDate "2015.10.16"]
[EventType "team"]
[EventRounds "11"]
[EventCountry "AUT"]
[WhiteTeam "ASK Salzburg"]
[BlackTeam "Rochade Rum"]

1. e4 e6 2. d4 d5 3. Nd2 Nf6 4. e5 Nfd7 5. Bd3 c5 6. c3 Nc6 7. Ne2 cxd4 8. cxd4
f6 9. exf6 Nxf6 10. O-O Bd6 11. Nf3 Qc7 12. g3 O-O 13. Bf4 Ne4 14. Rc1 Bxf4 15.
Nxf4 Rxf4 16. gxf4 Qxf4 17. Bxe4 Qxe4 18. Re1 Qf4 19. Qe2 Bd7 20. Qe3 Qg4+ 21.
Kh1 Rf8 22. Rc3 g6 23. Rg1 Qe4 24. Rd1 Rf4 25. Kg1 Rg4+ 26. Kh1 Rf4 27. Kg1 Qf5
28. Qd3 Qh5 29. Re1 Qg4+ 30. Kh1 Nxd4 31. Ne5 Qh5 32. Qg3 Ne2 33. Rxe2 Qxe2 34.
Nxd7 Rxf2 35. Rc8+ Kg7 36. Qc3+ e5 37. Qxe5+ Qxe5 38. Nxe5 Rxb2 39. a4 Kf6 40.
Nd3 Rd2 41. Nc5 b6 42. Nd7+ Kf5 43. Ra8 d4 44. Rxa7 Rb2 45. a5 d3 46. axb6 Rb1+
47. Kg2 d2 48. Ra5+ Ke6 49. Nc5+ Kf7 50. Ra7+ Kg8 51. Ra8+ Kg7 52. Ra7+ Kh6 53.
Rd7 d1=Q 54. Rxd1 Rxd1 55. Kf3 Rb1 56. Nd7 Rb4 57. Ke3 Kg5 58. Kd3 Kh4 59. Kc3
Rb1 60. Kc4 Kh3 61. Kc5 Kxh2 62. Nf6 h5 63. Nd5 Rxb6 64. Kxb6 Kg3 65. Kc5 h4
66. Kd4 Kf3 67. Ne3 g5 68. Nf1 g4 69. Kd3 g3 70. Nd2+ Kg2 71. Ke2 h3 72. Nf1 h2
73. Ne3+ Kh3 0-1

[Event "2. Bundesliga West 2015/16"]
[Site "Bludenz"]
[Date "2015.11.29"]
[Round "5"]
[Board "2"]
[White "Gatterer, Florian"]
[Black "Roth, Peter"]
[Result "1/2-1/2"]
[WhiteElo "2223"]
[BlackElo "2119"]
[PlyCount "147"]
[EventDate "2015.10.16"]
[EventType "team"]
[EventRounds "11"]
[EventCountry "AUT"]
[WhiteTeam "Rochade Rum"]
[BlackTeam "ASK Salzburg"]

1. c4 g6 2. g3 Bg7 3. Bg2 Nf6 4. Nc3 O-O 5. e4 e5 6. Nge2 Nc6 7. d3 d6 8. O-O
Bd7 9. h3 Ne8 10. Kh2 h5 11. f4 h4 12. f5 hxg3+ 13. Nxg3 Qh4 14. Qg4 Qxg4 15.
hxg4 f6 16. Nge2 Kf7 17. Kg3 Nb4 18. Rd1 c5 19. Rb1 a5 20. a3 Nc2 21. b3 Nc7
22. Rb2 Nd4 23. Nxd4 cxd4 24. Ne2 Rh8 25. Rh1 gxf5 26. exf5 Bc6 27. Bxc6 bxc6
28. Rxh8 Rxh8 29. Bd2 Ra8 30. Rb1 Na6 31. Nc1 Nc5 32. b4 axb4 33. axb4 Na4 34.
Ra1 Bf8 35. Nb3 Be7 36. Kf3 Ke8 37. Rh1 Kd7 38. Ra1 Nb6 39. Rxa8 Nxa8 40. g5
fxg5 41. Kg4 d5 42. c5 Nc7 43. Bxg5 Na6 44. Bd2 Nc7 45. Kh5 Nb5 46. Kg6 e4 47.
f6 e3 48. fxe7 exd2 49. Kf7 d1=Q 50. e8=Q+ Kc7 51. Qe5+ Kc8 52. Nxd4 Nxd4 53.
Qxd4 Qh5+ 54. Ke6 Qe8+ 55. Kf5 Qh5+ 56. Kf4 Qh4+ 57. Ke3 Qg3+ 58. Kd2 Qg2+ 59.
Kc1 Qf1+ 60. Kb2 Qe2+ 61. Ka3 Qd1 62. b5 cxb5 63. Qxd5 Qa4+ 64. Kb2 Qb4+ 65.
Kc2 Qa4+ 66. Qb3 Qa5 67. Qe6+ Kc7 68. Qd6+ Kc8 69. Qe6+ Kc7 70. Qe5+ Kc8 71. c6
Qa2+ 72. Kc1 Qa3+ 73. Kd2 Qb4+ 74. Ke2 {Rest unleserlich.} 1/2-1/2

[Event "2. Bundesliga West 2015/16"]
[Site "Bludenz"]
[Date "2015.11.29"]
[Round "5"]
[Board "3"]
[White "Juergens, Klaus"]
[Black "Hengl, Christian"]
[Result "1/2-1/2"]
[WhiteElo "2161"]
[BlackElo "2245"]
[PlyCount "85"]
[EventDate "2015.10.16"]
[EventType "team"]
[EventRounds "11"]
[EventCountry "AUT"]
[WhiteTeam "ASK Salzburg"]
[BlackTeam "Rochade Rum"]

1. Nf3 d5 2. c4 c6 3. g3 Bg4 4. Bg2 Nd7 5. cxd5 cxd5 6. Qa4 Bxf3 7. Bxf3 Ngf6
8. d3 e6 9. e4 a6 10. e5 b5 11. Qd4 Bc5 12. Qf4 Ng8 13. d4 Ba7 14. h4 Ne7 15.
Nc3 O-O 16. Bg4 Qb6 17. Ne2 Nc6 18. Be3 Nb4 19. O-O Nd3 20. Qg5 Nxb2 21. Nf4
Qd8 22. Qh5 Qe7 23. Bh3 Nc4 24. Qg4 Ndxe5 25. dxe5 Bxe3 26. Nxe6 fxe6 27. Qxe6+
Qxe6 28. Bxe6+ Kh8 29. fxe3 Nxe3 30. Rf4 d4 31. Kf2 Rfe8 32. Bb3 Rxe5 33. Rxd4
Rf8+ 34. Rf4 Rfe8 35. Rc1 h5 36. Bf7 Ng4+ 37. Rxg4 Re2+ 38. Kf1 hxg4 39. Bxe8
Rxe8 40. Rc6 Re3 41. Rxa6 Rxg3 42. Rb6 Ra3 43. Rxb5 1/2-1/2

[Event "2. Bundesliga West 2015/16"]
[Site "Bludenz"]
[Date "2015.11.29"]
[Round "5"]
[Board "4"]
[White "Hoellrigl, Wilfried"]
[Black "Loeffler, Christoph"]
[Result "1-0"]
[WhiteElo "2153"]
[BlackElo "2159"]
[PlyCount "57"]
[EventDate "2015.10.16"]
[EventType "team"]
[EventRounds "11"]
[EventCountry "AUT"]
[WhiteTeam "Rochade Rum"]
[BlackTeam "ASK Salzburg"]

1. e4 c6 2. d4 d5 3. e5 Bf5 4. Nc3 e6 5. g4 Bg6 6. Nge2 Be7 7. Be3 Nd7 8. Qd2
c5 9. O-O-O a6 10. f4 f6 11. Bg2 fxe5 12. dxe5 d4 13. Bxd4 cxd4 14. Nxd4 Nc5
15. Qe2 Qb6 16. f5 Bf7 17. Rhf1 O-O-O 18. Ne4 Na4 19. Qc4+ Nc5 20. Nd6+ Bxd6
21. exd6 e5 22. Ne6 Bxe6 23. fxe6 Rxd6 24. Rxd6 Qxd6 25. b4 Nf6 26. bxc5 Qd4
27. Qxd4 exd4 28. g5 Ne8 29. e7 1-0

[Event "2. Bundesliga West 2015/16"]
[Site "Bludenz"]
[Date "2015.11.29"]
[Round "5"]
[Board "5"]
[White "Herrmann, Michael"]
[Black "Jedinger, Andreas"]
[Result "1/2-1/2"]
[WhiteElo "2103"]
[BlackElo "2105"]
[PlyCount "65"]
[EventDate "2015.10.16"]
[EventType "team"]
[EventRounds "11"]
[EventCountry "AUT"]
[WhiteTeam "ASK Salzburg"]
[BlackTeam "Rochade Rum"]

1. c4 c5 2. g3 Nc6 3. Bg2 g6 4. Nc3 Bg7 5. d3 e6 6. e4 Nge7 7. Nge2 d6 8. Rb1
O-O 9. O-O b6 10. a3 Bb7 11. b4 Qd7 12. Qb3 Nd4 13. Nxd4 Bxd4 14. Bb2 Nc6 15.
Ne2 Bxb2 16. Qxb2 e5 17. f4 f6 18. Qd2 Qg7 19. Bh3 Bc8 20. Bxc8 Raxc8 21. b5
Nd4 22. Nxd4 exd4 23. f5 g5 24. a4 Qe7 25. a5 Qe5 26. axb6 axb6 27. Ra1 Rf7 28.
Ra6 Rb7 29. Qe2 Qe8 30. Qf3 Qe7 31. Rfa1 Kg7 32. Kf2 Re8 33. Re1 1/2-1/2

[Event "2. Bundesliga West 2015/16"]
[Site "Bludenz"]
[Date "2015.11.29"]
[Round "5"]
[Board "6"]
[White "Babinetz, Rainer"]
[Black "Vlasak, Reinhard"]
[Result "0-1"]
[WhiteElo "2011"]
[BlackElo "2049"]
[PlyCount "74"]
[EventDate "2015.10.16"]
[EventType "team"]
[EventRounds "11"]
[EventCountry "AUT"]
[WhiteTeam "Rochade Rum"]
[BlackTeam "ASK Salzburg"]

1. Nf3 d5 2. c4 e6 3. g3 c5 4. Bg2 Nc6 5. O-O Nf6 6. d3 Be7 7. b3 O-O 8. Bb2 d4
9. a3 e5 10. Nbd2 Bf5 11. Qc2 Qd7 12. Rfd1 Rad8 13. Nh4 Bg4 14. Bf1 Rfe8 15. f3
Bh3 16. Ng2 h5 17. Ne4 Nxe4 18. dxe4 f5 19. e3 fxe4 20. Qxe4 Qe6 21. Bd3 Qh6
22. exd4 exd4 23. Bc1 Bg5 24. Bxg5 Qxg5 25. Qh7+ Kf8 26. Nf4 Ne5 27. Nxh3 Qe3+
28. Nf2 Nxf3+ 29. Kg2 Rd6 30. Qh8+ Ke7 31. Qxg7+ Kd8 32. Bg6 Re7 33. Qf8+ Kc7
34. Be4 Nh4+ 35. Kh3 Rxe4 36. Nxe4 Qxe4 37. Qf2 Qg4# 0-1

[Event "2. Bundesliga West 2015/16"]
[Site "Voels Theatersaal"]
[Date "2016.01.22"]
[Round "6"]
[Board "1"]
[White "Votava, Jan"]
[Black "Zelcic, Robert"]
[Result "0-1"]
[WhiteElo "2524"]
[BlackElo "2553"]
[PlyCount "87"]
[EventDate "2015.10.16"]
[EventType "team"]
[EventRounds "11"]
[EventCountry "AUT"]
[WhiteTeam "Zillertal"]
[BlackTeam "Schwarzach"]

1. d4 Nf6 2. Nf3 e6 3. Bf4 d5 4. e3 Bd6 5. Bxd6 Qxd6 6. Nbd2 Nbd7 7. c4 O-O 8.
cxd5 exd5 9. Bd3 c5 10. dxc5 Nxc5 11. Nb3 Bg4 12. Nxc5 Qxc5 13. O-O Qb6 14. Qb3
Qxb3 15. axb3 Bxf3 16. gxf3 a6 17. Rfc1 Rfd8 18. Rc7 Rab8 19. b4 Ne8 20. Rc5 g6
21. Kf1 Ng7 22. Ke2 Ne6 23. Rc2 Rd6 24. h4 Re8 25. Kd2 d4 26. e4 Nf4 27. Bf1
Rf6 28. Rac1 Kg7 29. Rc8 Rxc8 30. Rxc8 Ne6 31. Be2 h5 32. b5 axb5 33. b4 b6 34.
Rb8 g5 35. hxg5 Nxg5 36. Kd3 Ne6 37. Kd2 h4 38. Rxb6 h3 39. Rc6 d3 40. Bxd3 Nf4
41. Rc1 Rd6 42. Ke3 Nxd3 43. Rh1 Ne5 44. Rxh3 0-1